LEADER 01606nam 2200541 a 450 001 9910450575903321 005 20210114041039.0 035 $a(CKB)1000000000031729 035 $a(OCoLC)228114416 035 $a(CaPaEBR)ebrary10084463 035 $a(SSID)ssj0000279824 035 $a(PQKBManifestationID)11223290 035 $a(PQKBTitleCode)TC0000279824 035 $a(PQKBWorkID)10268018 035 $a(PQKB)11053568 035 $a(MiAaPQ)EBC3137906 035 $a(EXLCZ)991000000000031729 100 $a20150424d2001|||| s|| | 101 0 $aeng 181 $ctxt 182 $cc 183 $acr 200 10$aGenes and Signals$b[electronic resource] 210 $aWoodbury, NY, USA$cCold Spring Harbor Laboratory Press$d20011201 210 $cCold Spring Harbor Laboratory Press 215 $a1 online resource (209 p.) 300 $aBibliographic Level Mode of Issuance: Monograph 311 $a0-87969-631-1 606 $aSCIENCE$2bisac 606 $aLife Sciences / Genetics & Genomics$2bisac 606 $aGenetic regulation 606 $aGenetics$2HILCC 606 $aBiology$2HILCC 606 $aHealth & Biological Sciences$2HILCC 615 7$aSCIENCE 615 7$aLife Sciences / Genetics & Genomics 615 0$aGenetic regulation 615 7$aGenetics 615 7$aBiology 615 7$aHealth & Biological Sciences 676 $a572.8/65 700 $aPtashne$b Mark$0286948 702 $aGann$b Alexander 801 0$bPQKB 906 $aBOOK 912 $a9910450575903321 996 $aGenes and Signals$92151856 997 $aUNINA LEADER 04719nam 2200589Ia 450 001 9910781170103321 005 20200520144314.0 010 $a1-61668-574-3 035 $a(CKB)2550000000010780 035 $a(EBL)3018000 035 $a(SSID)ssj0000424030 035 $a(PQKBManifestationID)11299307 035 $a(PQKBTitleCode)TC0000424030 035 $a(PQKBWorkID)10469696 035 $a(PQKB)10123025 035 $a(MiAaPQ)EBC3018000 035 $a(Au-PeEL)EBL3018000 035 $a(CaPaEBR)ebr10658922 035 $a(OCoLC)923654679 035 $a(EXLCZ)992550000000010780 100 $a20081222d2009 uy 0 101 0 $aeng 135 $aur|n|---||||| 181 $ctxt 182 $cc 183 $acr 200 00$aNew permafrost and glacier research$b[electronic resource] /$fMax I. Krugger and Harry P. Stern, editors 210 $aHauppauge, NY $cNova Science Publishers$dc2009 215 $a1 online resource (326 p.) 300 $aDescription based upon print version of record. 311 $a1-60692-616-0 320 $aIncludes bibliographical references and index. 327 $a""NEW PERMAFROST AND GLACIER RESEARCH ""; ""NEW PERMAFROST AND GLACIER RESEARCH ""; ""CONTENTS ""; ""PREFACE""; ""PERMAFROST""; ""GEOTECHNICAL CONSIDERATIONS AND TECHNICAL SOLUTIONS FOR INFRASTRUCTURE IN MOUNTAIN PERMAFROST ""; ""ABSTRACT""; ""INTRODUCTION ""; ""MOUNTAIN INFRASTRUCTURE AND ALPINE PERMAFROST ""; ""SOME ASPECTS OF ALPINE PERMAFROST HYDROLOGY ""; ""GEOTECHNICAL PROPERTIES OF ALPINE PERMAFROST""; ""GEOTHERMAL CONSIDERATIONS IN ALPINE PERMAFROST""; ""DESIGN PROCESS""; ""SITE INVESTIGATION ""; ""LABORATORY TESTING ""; ""MONITORING OF ENVIRONMENT AND STRUCTURE "" 327 $a""CONSTRUCTION CHALLENGES IN MOUNTAIN ENVIRONMENTS """"CASE HISTORIES, PROBLEMS AND TECHNICAL SOLUTIONS ""; ""CONCLUSION ""; ""REFERENCES ""; ""PERMAFROST MODELING IN WEATHER FORECASTS AND CLIMATE PROJECTIONS""; ""ABSTRACT ""; ""INTRODUCTION ""; ""THEORY OF SOIL PHYSICS ""; ""SIMULATING FROZEN GROUND""; ""UNCERTAINTY IN PERMAFROST MODELING""; ""SIMULATING WILDFIRE IMPACTS ""; ""CHALLENGES ""; ""EVALUATION ""; ""FUTURE DIRECTIONS ""; ""REFERENCES""; ""MULTIDRUG-RESISTANT BACTERIA IN PERMAFROST: ISOLATION, BIODIVERSITY, PHENOTYPIC AND GENOTYPIC ANALYSIS ""; ""ABSTRACT""; ""INTRODUCTION "" 327 $a""?¡HARACTERIZATION OF PERMAFROST SEDIMENTS""""ISOLATION AND PRIMARY CHARACTERIZATION OF ANTIBIOTIC RESISTANT STRAINS FROM PERMAFROST ""; ""STUDY OF ANTIBIOTIC RESISTANCE SPECTRUM OF PERMAFROST STRAINS""; ""LOCALIZATION OF RESISTANCE DETERMINANTS IN GENOMES OF PERMAFROST STRAINS""; ""IDENTIFICATION OF RESISTANCE DETERMINANTS IN PERMAFROST BACTERIAL STRAINS""; ""CONCLUSION ""; ""ACKNOWLEDGEMENTS ""; ""REFERENCES""; ""SIMILARITIES BETWEEN THE RECENT PERMAFROST IN NORTH-WESTERN CANADA AND THE PLEISTOCENE RELICT CRYOGENIC FORMS IN CENTRAL EUROPE (HUNGARY)""; ""ABSTRACT ""; ""INTRODUCTION "" 327 $a""DISTRIBUTION OF PERMAFROST IN CANADA """"CRYOGENIC FEATURES IN CANADA""; ""DESCRIPTION OF SITES IN HUNGARY""; ""RELICT CRYOGENIC FORMS IN HUNGARY ""; ""CRYOGENIC FEATURES AND THEIR IMPLICATION FOR PALAEOCLIMATE ""; ""CONCLUSION""; ""REFERENCES ""; ""PERIGLACIAL LANDFORMS AND PROCESSES ON DISKO ISLAND, GREENLAND""; ""ABSTRACT""; ""INTRODUCTION ""; ""STUDY AREA""; ""ROCK GLACIERS ""; ""PINGOS ""; ""PERIGLACIAL WEATHERING PROCESSES ""; ""PATTERNED GROUND AND ACTIVE LAYER PHENOMENA""; ""FLUVIAL AND COASTAL LANDFORMS AND PROCESSES""; ""CONCLUSION ""; ""ACKNOWLEDGEMENTS ""; ""REFERENCES "" 327 $a""MOUNTAIN PERMAFROST DEGRADATION IN THE NEPAL HIMALAYAS AND THE RUSSIA ALTAI MOUNTAINS""""ABSTRACT""; ""PERMAFROST STUDIES IN NEPAL HIMALAYAS""; ""KHMBU HIMAL""; ""MEASUREMENTS OF GROUND TEMPERATURE LAPSE RATES AT 50-CM DEPTH AND PIT SURVEYS ""; ""THE LAPSE RATE CHANGE OF THE GT50 IN 1973 AND 2004 ""; ""FINDING OF THE FROZEN LAYER""; ""PERMAFROST DEGRADATION BETWEEN 1973 AND 2004""; ""PERMAFROST STUDIES IN RUSSIA ALTAI ""; ""THE SOUTH CHUYSKIY RANGE ""; ""PHENOMENA RELATED TO PERMAFROST DEGRADATION""; ""CONCLUSION ""; ""REFERENCES ""; ""GLACIERS"" 327 $a""THE FORMER GLACIATION OF HIGH- (TIBET) AND CENTRAL ASIA AND ITS GLOBAL CLIMATIC IMPACT - AN ICE AGE THEORY WITH A REMARK ON POTENTIAL WARMER CLIMATIC CYCLES IN THE FUTURE "" 606 $aPermafrost 606 $aGlaciers 615 0$aPermafrost. 615 0$aGlaciers. 676 $a551.3/84 701 $aKrugger$b Max I$01576076 701 $aStern$b Harry P$01576077 801 0$bMiAaPQ 801 1$bMiAaPQ 801 2$bMiAaPQ 906 $aBOOK 912 $a9910781170103321 996 $aNew permafrost and glacier research$93853563 997 $aUNINA